00479 2200193 4500001002100000005001500021008004100036020002200077035001900099041000700118082001000125090001600135100001900151245004700170250000900217260002100226300002200247650001600269INLIS00000000000560320241224113130241224||||||||| | ||| |||| || |  a979-979-756-816-3 0010-1224005603 aid0 a336.2 a336.2 MOH P0 aMohammad Yamin00aPRAKTIKUM PAJAK PERTAMBAHAN NILAI LANJUTAN aED.1 bGraha Ilmuc2010 a134 HLM,; 25,9 CM 0aIlmu Sosial